| 000 | 00964nam a22002417a 4500 | ||
|---|---|---|---|
| 005 | 20080905095434.0 | ||
| 008 | 080905t xxu||||| |||| 00| 0 eng d | ||
| 010 | _aENG-90939 | ||
| 020 |
_a9788178804019 _c650.00 |
||
| 035 | _aEN-74472 | ||
| 037 | _bDBAD / PUB | ||
| 040 |
_aDPl _bEnglish |
||
| 082 | _a647.940683 | ||
| 100 | _aEkta Bhushan | ||
| 245 |
_aSecurity, safety and first aid in hospitality industry / _cby Ekta Bhushan |
||
| 260 |
_aNew Delhi _bRajat Publications _c2008 |
||
| 300 |
_avii, 280p. _c23 cm (Hb) |
||
| 650 |
_aHotels _xSecurity measures _xFirst aid |
||
| 650 |
_aRestaurants _xSecurity measures _xFirst aid |
||
| 270 |
_a4675/21,Ansari Road, Darya Ganj, _bNew Delhi _e110002 _k23267924,22507277 |
||
| 942 |
_2ddc _cEN _mEKT _h647.940683 |
||
| 999 |
_c15355 _d15355 |
||